[Event "Valpovo op U20 13th rap"]
[Site "Valpovo"]
[Date "2016.12.10"]
[Round "5"]
[White "Rogulja, Marko"]
[Black "Kakuk, Tibor"]
[Result "0-1"]
[WhiteElo "1468"]
[BlackElo "1620"]
[PlyCount "100"]
[EventDate "2016.12.09"]
[EventType "swiss (rapid)"]
[EventRounds "7"]
[EventCountry "CRO"]
[SourceTitle "EXT 2019"]
[Source "ChessBase"]
[SourceDate "2018.10.10"]
[SourceVersion "1"]
[SourceVersionDate "2018.10.10"]
[SourceQuality "1"]

1. d4 d5 2. c4 c6 3. Nc3 Nf6 4. Nf3 e6 5. e3 Nbd7 6. Bd3 dxc4 7. Bxc4 b5 8. Bd3 b4 9. Ne4 Bb7 10. Qc2 Be7 11. Bd2 0-0 12. 0-0 a5 13. Nxf6+ Nxf6 14. Ne5 Rc8 15. Rac1 c5 16. Qa4 Qd5 17. Nf3 c4 18. Be2 Ne4 19. Bxc4 Rxc4 20. Rxc4 Qxc4 21. Qd7 Nxd2 22. Nxd2 Qd5 23. Qxd5 Bxd5 24. Rc1 a4 25. b3 axb3 26. axb3 f5 27. Rc7 Re8 28. f3 Bg5 29. Kf2 Bd8 30. Rc8 Kf7 31. g3 Bf6 32. Rc5 Ke7 33. Rb5 Kd7 34. Rxb4 Be7 35. Ra4 Ra8 36. Rxa8 Bxa8 37. e4 Bb4 38. Nc4 fxe4 39. fxe4 Bxe4 40. Ne3 Bc3 41. Nc4 Bxd4+ 42. Ke1 Bd5 43. Na3 Bxb3 44. Kd2 Bc5 45. Nb1 Ba2 46. Nc3 Bb4 47. Kd3 Bxc3 48. Kxc3 Kd6 49. Kd4 e5+ 50. Ke4 Bb1+ 0-1

[Event "CRO-ch U17"]
[Site "Vinkovci"]
[Date "2016.07.31"]
[Round "9"]
[White "Rogulja, Marko"]
[Black "Kenda, Luka"]
[Result "1-0"]
[WhiteElo "1460"]
[BlackElo "1577"]
[PlyCount "58"]
[EventDate "2016.07.25"]
[EventType "swiss"]
[EventRounds "9"]
[EventCountry "CRO"]
[SourceTitle "CBM 173 Extra"]
[Source "ChessBase"]
[SourceDate "2016.08.29"]
[SourceVersion "1"]
[SourceVersionDate "2016.08.29"]
[SourceQuality "1"]

1. d4 Nf6 2. c4 g6 3. Nc3 Bg7 4. e3 d6 5. Nf3 0-0 6. Bd3 Bg4 7. h3 Bxf3 8. Qxf3 Nc6 9. 0-0 Rb8 10. a3 e5 11. d5 Ne7 12. e4 Nd7 13. b4 f5 14. Qe2 fxe4 15. Bxe4 Nf5 16. Qg4 Qe7 17. Bg5 Bf6 18. Bxf5 gxf5 19. Bxf6+ fxg4 20. Bxe7 Rf7 21. Bh4 gxh3 22. gxh3 Rf3 23. Nb5 Rxh3 24. Bg3 Kf7 25. Kg2 Rh6 26. Rh1 Rxh1 27. Rxh1 Kg6 28. Rc1 Kf5 29. Nxc7 a6 1-0

[Event "CRO-ch U17"]
[Site "Vinkovci"]
[Date "2016.07.27"]
[Round "4"]
[White "Rogulja, Marko"]
[Black "Borzan, Matej"]
[Result "1-0"]
[WhiteElo "1460"]
[BlackElo "1521"]
[PlyCount "41"]
[EventDate "2016.07.25"]
[EventType "swiss"]
[EventRounds "9"]
[EventCountry "CRO"]
[SourceTitle "CBM 173 Extra"]
[Source "ChessBase"]
[SourceDate "2016.08.29"]
[SourceVersion "1"]
[SourceVersionDate "2016.08.29"]
[SourceQuality "1"]

1. d4 e5 2. dxe5 Nc6 3. Nf3 Qe7 4. Nc3 Nxe5 5. e3 g6 6. Nxe5 Qxe5 7. Bd3 Bg7 8. 0-0 Ne7 9. e4 Qc5 10. Be3 Qb4 11. Qd2 Qxb2 12. Nb5 Kd8 13. Bf4 d6 14. Bg5 f6 15. Bh6 Rg8 16. Bxg7 Rxg7 17. Qh6 f5 18. c3 Rf7 19. Rab1 Ng8 20. Qg5+ Ne7 21. Rxb2 1-0